000 00459nam a2200121Ia 4500
008 220620s9999||||xx |||||||||||||| ||und||
245 0 _aInfrared Spectroscopy
_bAnharmonicity of Biomolecules, Crosslinking of Biopolymers, Food Quality and Medical Applications
546 _aEnglish[eng]
650 _aOrganic chemistry
700 _aTheophile, Theophanides
856 _uhttps://mts.intechopen.com/storage/books/4474/authors_book/authors_book.pdf
942 _cEB
999 _c28031
_d28031